000 04845cam a22018254i 4500
003 PE-LiUPU
005 20250813165644.0
008 150625s r 000 0 d
020 _a8448107144
035 _a(Sirsi) i9788448107147
040 _aPE-LiUPU
_bspa
_cPE-LiUPU
_erda
049 _aPRUA
082 0 4 _a628.4
_bL111g
_223
100 1 0 _aLa Grega, Michael D.,
_eautor.
245 1 0 _aGestión de residuos tóxicos :
_btratamiento, eliminación y recuperación de suelos.
_nVolumen 1 /
_cMichael D. LaGrega, Philip L. Buckingham, Jeffrey C. Evans ; traducción Belén Garrido-Lestache Valenciano .. [et al.] ; revisión técnica María Teresa González González.
264 1 _aMadrid :
_bMcGraw-Hill, Interamericana de España,
_c[1996].
300 _a642 páginas :
_bilustraciones ;
_c25 centímetros,
336 _atext
_2rdacontent
337 _aunmediated
_2rdamedia
338 _avolume
_2rdacarrier
490 0 _a(Manuales McGraw-Hill de ingeniería y ciencia)
504 _aIncluye referencias bibliográficas.
505 0 _aResiduos tóxicos. -El procedimiento regulador. -Procesos fundamentales. -Destino y trasnsporte de sustancias contaminantes. -Toxicología. -Práctica habituales de gestión. -Auditorías medioambientales. -Prevención de la contaminación. -Desarrollo y operatividad de las instalaciones. -Métodos de tratamiento y eliminación. -Procesos físico-químicos. -Métodos biológicos. -Estabilización y salidificación. -Metodos térmicos. -Disposición en el terreno. -Recuperación del emplazamiento. -Valoración cuantitativa del riesgo. -Caracterización del emplazamiento y del subsuelo. -Confinamiento Análisis de alternativas de recuperación.
526 _aP203
526 _aP200
526 _aSEG65
526 _aSEG64
526 _aSEG63
526 _aSEG62
526 _aSEG61
526 _aSEG60
526 _aSEG59
526 _aSEG58
526 _aSEG57
526 _aSEG56
526 _aSEG55
526 _aSEG54
526 _aSEG53
526 _aSEG52
526 _aSEG51
526 _aSEG50
526 _aSEG49
526 _aSEG48
526 _aSEG47
526 _aSEG46
526 _aSEG24
526 _aSEG23
526 _aSEG22
526 _aSEG21
526 _aSEG20
526 _aSEG19
526 _aSEG18
526 _aSEG17
526 _aSEG16
526 _aSEG14
526 _aSEG13
526 _aSEG12
526 _aSEG11
526 _aSEG10
526 _aSEG09
526 _aSEG06
526 _aSEG05
526 _aSEG04
526 _aSEG03
526 _aSEG02
526 _aSEG68
526 _aSEG66
526 _aSEG45
526 _aSEG25
526 _aSEG01
526 _aP163
526 _aP162
526 _aP161
526 _aP160
526 _aP159
526 _aP158
526 _aP157
526 _aP156
526 _aP155
526 _aP154
526 _aP153
526 _aP152
526 _aP151
526 _aP150
526 _aP149
526 _aP142
526 _aP141
526 _aP140
526 _aP139
526 _aP138
526 _aP137
526 _aP132
526 _aP131
526 _aP130
526 _aP126
526 _aP125
526 _aP124
526 _aP123
526 _aP115
526 _aP122
526 _aP121
526 _aP116
526 _a P114
526 _aP112
526 _aP111
526 _aP104
526 _aP103
526 _aP102
526 _aP101
526 _aP100
526 _aP96
526 _aP95
526 _aP93
526 _aP92
526 _aP91
526 _aP88
526 _aP83
526 _aP82
526 _aP79
526 _aP78
526 _aP75
526 _aP74
526 _aP71
526 _aP69
526 _a P51
526 _aP49
526 _aP48
526 _aP47
526 _aP33
526 _aP31
526 _a P30
526 _aP29
526 _aP27
526 _aP26
526 _aP25
526 _aP24
526 _a P22
526 _aP10
526 _aP09
526 _a P08
526 _aP06
526 _aP05
526 _aP04
526 _aP01
650 1 4 _aQuímica del medio ambiente
_93046
650 2 4 _aContaminación
_xControl industrial
_93047
650 2 4 _aResiduos industriales
_93048
650 2 4 _aRecuperación de tierras
_93049
700 1 _aBuckingham, Phillip L.,
_eautor.
700 1 _aEvans, Jeffrey C.,
_eautor.
942 _2ddc
_cBK
_n0
949 _a628.54 L17 1
_wDEWEY
_c1
_i56526
_d2016-10-10
_e2016-10-7
_lCCODEBUL1
_mBUL
_n3
_p43.00
_r0
_sY
_tBOOK
_u2015-6-25
_xINGENIERIA
_zUNKNOWN
_0COMPRA
_o.STAFF. Colección General
980 _81
_gALBERTO SANCHEZ Responsable de Automatización
999 _c45734
_d45734